Регионална библиотека "Любен Каравелов" - Русе

История на България 681 - 1944 (Запис номер 101298)

MARC детайли
000 -Лидер
Контролно поле с фиксирана дължина 01705nam a2200421 c 4500
003 - Код на организацията, давaща контролен номер
Контролно поле BLK
005 - Дата и час на последна редакция
Контролно поле 20250407151454.0
008 - Елементи от данни с фиксирана дължина
fixed length control field 180409b bul|||||r ||||||| ||bul||
010 ## - Наследен системен номер
LC control number KNG00106341000
020 ## - Международен стандартен номер на книга ISBN
Международен стандартен номер на книга ISBN 954-638-121-7
-- издат.: Софи-Р - на том(т. 1)
040 ## - Източник на каталожния запис
Идентификатор на билиотеката - собственик на записа BLK
041 ## - Код за език
Код за езика на текст/звукозапис или на отделно заглавие Български
Код за езика КДБФ Български
080 ## - УДК
Текстов определител УДК История на България
УДК код - определител по УДК 94(497.2)
УДК определител (075)
УДК - код + определител 94(497.2)(075)
139 ## - Редно поле
Редна дума История на България 681 - 1944
Авторски знак Истор - И 95
245 10 - Сведения за заглавието
Заглавие История на България 681 - 1944
Подзаглавни данни Т. 1 - 2
Редно поле (дума) авт. на том Петър Димитров Ангелов; съавт. на том Димитър Саздов; съавт. на том Иван Илиев Стоянов.
Том Т. 1
257 ## - Страна на издаване
Страна на създаване/издаване България
260 ## - Област на издателските данни
-- София
Година на издаване 2003
300 ## - Физическа характеристика
Размери/Мащаб 20 см
380 ## - Жанр
Жанр История
500 ## - Общи забележки
Забележка Офс. изд.
650 #7 - Допълнително описание по предмет – тема
Основно описание – тема или топоним България - история - учебни помагала
Източник на редна или ключова дума
9 (RLIN) 149565
650 #7 - Допълнително описание по предмет – тема
Основно описание – тема или топоним История - България
Източник на редна или ключова дума
9 (RLIN) 157745
653 ## - Ключова дума – ненормативна
Ключова дума България
653 ## - Ключова дума – ненормативна
Ключова дума история
653 ## - Ключова дума – ненормативна
Ключова дума учебни помагала
653 ## - Ключова дума – ненормативна
Ключова дума кандидат-студенти
653 ## - Ключова дума – ненормативна
Ключова дума студенти
700 1# - Други автори (авторска отговорност)
Лично име Ангелов, Петър Димитров
Автороска отговорност (Описва отношението между автора и произведението) авт. на том
9 (RLIN) 366230
700 1# - Други автори (авторска отговорност)
Лично име Саздов, Димитър
Автороска отговорност (Описва отношението между автора и произведението) съавт. на том
9 (RLIN) 366800
700 1# - Други автори (авторска отговорност)
Лично име Стоянов, Иван Илиев
Автороска отговорност (Описва отношението между автора и произведението) съавт. на том
9 (RLIN) 363476
760 1# - Описание на основната серия
-- - на том(т. 1)
Място на издаване, издател и година Софи-Р, 2003
Страници - том 728 с.
Заглавие Т. 1
852 ## - Местоположение
Форматна сигнатура Цб 214968
856 4# - Електронен адрес и достъп
Електронен формат pdf - файл
Път до файла /url/
856 4# - Електронен адрес и достъп
Електронен формат pdf - файл
Път до файла /url/
942 ## - АРТИКУЛИ
Вид на библиотечния материал Книги
Скрит в OPAC Не
Koha issues (borrowed), all copies 4
944 ## - СЪЗДАВАНЕ И РЕДАКЦИЯ на ЗАПИСА
Създаване/Редакция Създаване
Дата на регистрацията/редакция 01.01.2003
Служител, извършил регистрацията/редакцията 30530
Статус, дата на статуса Минев Младен
944 ## - СЪЗДАВАНЕ И РЕДАКЦИЯ на ЗАПИСА
Създаване/Редакция Редакция
Дата на регистрацията/редакция 19.07.2004
Служител, извършил регистрацията/редакцията
999 ## - СИСТЕМНИ КОНТРОЛНИ НОМЕРА
Koha biblionumber 101298
Koha biblioitemnumber 101298
Наличности
Код за отписване Код за изгубен артикул Източник на класификационната схема Код за повреда Коз за рестрикции Код за отдаване Артикулен № Име на библиотеката - собственик Име на библиотеката, в която се намира в момента Статус (Текущо местоположение) Дата на вписване в системата Местоположение - отдел Цена в лева Инвентарен номер Систематично азбучна сигнатура Баркод Номер на екземпляра Цена в евро Служебна бележка Служебен тип на артикула
  Не е изгубен Universal Decimal Classification Не е повреден без рестрикции заемане за дома 163043 Регионална библиотека "Любен Каравелов" Русе Регионална библиотека "Любен Каравелов" Русе Заемна - подръчен фонд 2003-05-27 Заемна - подръчен фонд 15.00 120000676423 П 94(497.2)/И 95 120000676423 1 7.67 Дост: Pk Вид: Ф N: 2 Дата: 26.05.2003 Дата инв: 08.02.2018 Бележки инв: П2018 Книги
  Не е изгубен Universal Decimal Classification Не е повреден без рестрикции ползва се в читалня 163044 Регионална библиотека "Любен Каравелов" Русе Регионална библиотека "Любен Каравелов" Русе Читалня 2003-05-27 Читалня 15.00 120000676424 Ч 94(497.2)/И 95 120000676424 2 7.67 Дост: Pk Вид: Ф N: 2 Дата: 26.05.2003 Дата инв: 30.03.2017 Бележки инв: Ч2017 Книги
  Не е изгубен   Не е повреден без рестрикции ползва се в читалня 163045 Регионална библиотека "Любен Каравелов" Русе Регионална библиотека "Любен Каравелов" Русе Хранилище 2004-07-09 Хранилище 0.00 120000686826 Цб 214968 120000686826 3 0.00 Дост: Dp Вид: Д N: 37 Дата: 03.09.2003 Книги
Vip Innovations Ltd, Rousse, Bulgaria 2025